<?xml version="1.0" encoding="UTF-8"?>
<marc:record xmlns:marc="http://www.loc.gov/MARC21/slim" type="Bibliographic">
   <marc:leader>00000pam a2200000 cc4500</marc:leader>
   <marc:controlfield tag="001">971642400</marc:controlfield>
   <marc:controlfield tag="003">DE-101</marc:controlfield>
   <marc:controlfield tag="005">20171203163625.0</marc:controlfield>
   <marc:controlfield tag="007">tu</marc:controlfield>
   <marc:controlfield tag="008">040628s2004    gw ||||| |||| 00||||ger  </marc:controlfield>
   <marc:datafield ind1=" " ind2=" " tag="015">
      <marc:subfield code="a">10,A02</marc:subfield>
      <marc:subfield code="z">04,N30,1807</marc:subfield>
      <marc:subfield code="2">dnb</marc:subfield>
   </marc:datafield>
   <marc:datafield ind1="7" ind2=" " tag="016">
      <marc:subfield code="2">DE-101</marc:subfield>
      <marc:subfield code="a">971642400</marc:subfield>
   </marc:datafield>
   <marc:datafield ind1=" " ind2=" " tag="020">
      <marc:subfield code="a">9783833903519</marc:subfield>
      <marc:subfield code="c">Pp. : EUR 11.90, sfr 21.30</marc:subfield>
      <marc:subfield code="9">978-3-8339-0351-9</marc:subfield>
   </marc:datafield>
   <marc:datafield ind1=" " ind2=" " tag="020">
      <marc:subfield code="a">3833903511</marc:subfield>
      <marc:subfield code="c">Pp. : EUR 11.90, sfr 21.30</marc:subfield>
      <marc:subfield code="9">3-8339-0351-1</marc:subfield>
   </marc:datafield>
   <marc:datafield ind1="3" ind2=" " tag="024">
      <marc:subfield code="a">9783833903519</marc:subfield>
   </marc:datafield>
   <marc:datafield ind1=" " ind2=" " tag="035">
      <marc:subfield code="a">(DE-599)DNB971642400</marc:subfield>
   </marc:datafield>
   <marc:datafield ind1=" " ind2=" " tag="035">
      <marc:subfield code="a">(OCoLC)499065352</marc:subfield>
   </marc:datafield>
   <marc:datafield ind1=" " ind2=" " tag="040">
      <marc:subfield code="a">1245</marc:subfield>
      <marc:subfield code="b">ger</marc:subfield>
      <marc:subfield code="c">DE-101</marc:subfield>
      <marc:subfield code="d">9999</marc:subfield>
   </marc:datafield>
   <marc:datafield ind1=" " ind2=" " tag="041">
      <marc:subfield code="a">ger</marc:subfield>
   </marc:datafield>
   <marc:datafield ind1=" " ind2=" " tag="044">
      <marc:subfield code="c">XA-DE</marc:subfield>
   </marc:datafield>
   <marc:datafield ind1="7" ind2="4" tag="082">
      <marc:subfield code="a">K</marc:subfield>
      <marc:subfield code="q">DE-101</marc:subfield>
      <marc:subfield code="2">22sdnb</marc:subfield>
   </marc:datafield>
   <marc:datafield ind1=" " ind2=" " tag="090">
      <marc:subfield code="a">b</marc:subfield>
   </marc:datafield>
   <marc:datafield ind1="1" ind2=" " tag="100">
      <marc:subfield code="0">(DE-588)120207346</marc:subfield>
      <marc:subfield code="0">http://d-nb.info/gnd/120207346</marc:subfield>
      <marc:subfield code="0">(DE-101)120207346</marc:subfield>
      <marc:subfield code="a">Birck, Jan</marc:subfield>
      <marc:subfield code="d">1963-</marc:subfield>
      <marc:subfield code="e">Verfasser</marc:subfield>
      <marc:subfield code="4">aut</marc:subfield>
   </marc:datafield>
   <marc:datafield ind1="0" ind2="0" tag="245">
      <marc:subfield code="a">Geheimagent Morris in ...</marc:subfield>
      <marc:subfield code="n">[...]</marc:subfield>
      <marc:subfield code="p">"Gefrühstückt wird später!"</marc:subfield>
      <marc:subfield code="c">Jan Birck</marc:subfield>
   </marc:datafield>
   <marc:datafield ind1="3" ind2="1" tag="264">
      <marc:subfield code="a">Bergisch Gladbach</marc:subfield>
      <marc:subfield code="b">Baumhaus-Verl.</marc:subfield>
      <marc:subfield code="c">c 2004</marc:subfield>
   </marc:datafield>
   <marc:datafield ind1=" " ind2=" " tag="300">
      <marc:subfield code="a">[42] S.</marc:subfield>
      <marc:subfield code="b">überw. Ill.</marc:subfield>
      <marc:subfield code="c">28 cm</marc:subfield>
   </marc:datafield>
   <marc:datafield ind1=" " ind2=" " tag="336">
      <marc:subfield code="a">unbewegtes Bild</marc:subfield>
      <marc:subfield code="b">sti</marc:subfield>
      <marc:subfield code="2">rdacontent</marc:subfield>
   </marc:datafield>
   <marc:datafield ind1=" " ind2=" " tag="337">
      <marc:subfield code="a">ohne Hilfsmittel zu benutzen</marc:subfield>
      <marc:subfield code="b">n</marc:subfield>
      <marc:subfield code="2">rdamedia</marc:subfield>
   </marc:datafield>
   <marc:datafield ind1=" " ind2=" " tag="338">
      <marc:subfield code="a">Band</marc:subfield>
      <marc:subfield code="b">nc</marc:subfield>
      <marc:subfield code="2">rdacarrier</marc:subfield>
   </marc:datafield>
   <marc:datafield ind1=" " ind2=" " tag="520">
      <marc:subfield code="a">Wochenend und Sonnenschein! Geheimagent Morris freut sich auf ein wunderbares Frühstück: Doch Pepe, Morris ́Assistent, kommt statt mit den leckeren Frühstücksbrötchen aus der Bäckerei Goldig plötzlich mit Semmeln vom Bäcker Billig zurück. Bäckerei Goldig gibtś nicht mehr! Beim ersten Griff in die Tüte zerbröselt ein kleines, hartes Ding in Morris ́Pfoten. Das Ganze wiederholt sich mehrmals: Eine kärgliche trockene Semmel nach der andern zerbröselt auf Morris Teller - und seine Laune erreicht den Jahrhundert-Tiefpunkt. So gehtś nicht! Ausgerüstet mit ein paar technischen Geheimagenten-Spielereien aus der Werkstatt von Professor Mumpiz düsen Morris und Pepe los, um das Geheimnis der altbackenen Brötchen zu lösen. Über den Atlantischen Ozean bis in die Karibik verfolgt unsere Geheimagenten-Crew die Spur des Billigbäcker-Produzenten, dem natürlich am Schluss kräftig in die Suppe gespuckt wird! -- Witzig-frecher Plot, ein Vorlese-Bilderbuch voller Action, Spaß und Spannung ? für Kinder und deren Eltern, die sich beim gemeinsamen Vorlesen richtig amüsieren wollen! Geniale Technikkonstruktionen und originelle Erfindungen begeistern Jung und Alt!</marc:subfield>
   </marc:datafield>
   <marc:datafield ind1=" " ind2=" " tag="653">
      <marc:subfield code="a">(VLB-FS)Agent</marc:subfield>
   </marc:datafield>
   <marc:datafield ind1=" " ind2=" " tag="653">
      <marc:subfield code="a">(VLB-FS)Kinderkrimi</marc:subfield>
   </marc:datafield>
   <marc:datafield ind1=" " ind2=" " tag="653">
      <marc:subfield code="a">(VLB-PF)BB: Gebunden</marc:subfield>
   </marc:datafield>
   <marc:datafield ind1=" " ind2=" " tag="653">
      <marc:subfield code="a">(VLB-WI)1: Hardcover, Softcover, Karte</marc:subfield>
   </marc:datafield>
   <marc:datafield ind1=" " ind2=" " tag="653">
      <marc:subfield code="a">(VLB-WG)210: Kinderbuch, Jugendbuch / Bilderbücher</marc:subfield>
   </marc:datafield>
   <marc:datafield ind1="0" ind2="8" tag="773">
      <marc:subfield code="q">gews</marc:subfield>
      <marc:subfield code="w">(DE-101)999088920</marc:subfield>
   </marc:datafield>
   <marc:datafield ind1=" " ind2=" " tag="850">
      <marc:subfield code="a">DE-101a</marc:subfield>
      <marc:subfield code="a">DE-101b</marc:subfield>
   </marc:datafield>
   <marc:datafield ind1="r" ind2=" " tag="925">
      <marc:subfield code="a">ra</marc:subfield>
   </marc:datafield>
</marc:record>
